[Event "GER-ch 74th"]
[Site "Saarbruecken"]
[Date "2002.11.27"]
[Round "6"]
[White "Jussupow, Artur"]
[Black "Gutman, Lev"]
[Result "1/2-1/2"]
[WhiteElo "2622"]
[BlackElo "2476"]
[Annotator "Krasenkow,M"]
[PlyCount "69"]
[EventDate "2002.11.22"]
[EventType "swiss"]
[EventRounds "9"]
[EventCountry "GER"]
[SourceTitle "CBM 093"]
[Source "ChessBase"]
[SourceDate "2003.04.01"]
[SourceVersion "1"]
[SourceVersionDate "2003.04.01"]
[SourceQuality "1"]

1. d4 Nf6 2. c4 g6 3. Nc3 d5 4. cxd5 Nxd5 5. e4 Nxc3 6. bxc3 Bg7 7. Bc4 c5 8.
Ne2 Nc6 9. Be3 O-O 10. O-O cxd4 11. cxd4 Na5 12. Bd3 b6 13. Rc1 Bb7 {A rare
line condemned long ago.} (13... e6 {is usually played.}) 14. Qd2 {A quiet
move. Other options:} (14. f3 {(harmless)} e6 15. Qa4 Qd6 16. Bf4 e5 17. Bg3
Rfc8 18. Rfd1 Qe7 19. d5 Bh6 20. Rxc8+ Rxc8 21. Kh1 Bf8 {1/2-1/2 Sliwa,B-Filip,
M/Sofia 1957/EXT 98 (44)}) (14. f4 e6 $5 (14... f5 $5 15. Qc2 e6 {0-1 Araujo,
R-Nobrega,A/Blumenau 1972/EXT 2001 (41)}) 15. Qe1 f5 16. e5 Qd5 17. Rf2 Qxa2
18. Bd2 Rfc8 19. Bxa5 bxa5 20. Rb1 Rab8 21. Bb5 Qd5 22. Ba4 Ba6 23. Rd1 Bf8 24.
Rf3 Bb4 25. Qf2 Qa2 {0-1 David,R-Prosch,C/Germany 1995/Juniors (25)}) (14. Qa4
Rc8 (14... Qd6 15. Rc3 Rfc8 16. Rfc1 Rxc3 17. Rxc3 Rd8 18. e5 Qd7 19. Qxd7 Rxd7
20. Bb5 Rd8 21. f4 a6 22. Bd3 b5 23. Rc7 Bd5 24. a3 Nc6 25. Nc3 Na5 26. Nxd5
Rxd5 27. Rc8+ Bf8 28. f5 {1-0 Baumgarten,W-Boeing,F/Bad Laasphe 1994/EXT 99 
(28)}) (14... e5 15. d5 f5 16. f3 Bc8 17. Nc3 a6 18. Qb4 b5 19. Bc5 Rf7 20. a4
Nb7 21. axb5 Nxc5 22. Qxc5 Bf8 23. Qe3 f4 24. Qe2 Bc5+ 25. Kh1 Be3 $44 {
1/2-1/2 Sanguinetti,R-Pilnik,H/Mar del Plata 1959/MCL (58)}) 15. Rxc8 Qxc8 16.
Rc1 (16. Bd2 Ba6 17. Rc1 Qb7 18. Bxa6 Qxa6 $11 {1-0 Pusec,P-Mocary,M/
Bratislava 1990/EXT 2001 (33)}) 16... Qa8 17. d5 Rc8 18. Rxc8+ Qxc8 19. Bd2 Qd8
20. Bxa5 bxa5 21. Qb5 Qb6 22. Kf1 Qxb5 23. Bxb5 f5 $11 {1/2-1/2 Troianescu,
O-Molnar,I/Bucharest 1951/EXT 2001 (36)}) (14. d5 $1 {The main move considered
dangerous for Black} e6 (14... Rc8 15. Rxc8 Qxc8 16. Qa4 Ba6 17. Rc1 Qb7 18.
Bxa6 Qxa6 19. Nd4 Qd3 20. Qc2 Qxc2 21. Rxc2 Be5 22. f4 Bd6 23. Nb5 Bb8 24. Kf2
$16 {1-0 Hoffman,A-Marino Bravo,M/Oviedo 1991/EXT 97 (45)}) (14... Qd7 15. Nd4
Rfc8 16. Qd2 e6 17. Bb5 Qd6 18. Nc6 Bxc6 19. dxc6 Qc7 20. Qd7 Qe5 21. c7 Qxe4
22. Ba6 Nb7 23. Rc4 Qd5 24. Rd1 Nc5 25. Rxd5 {1-0 Radev,N-Orev,P/BUL 1975/EXT
99 (25)}) (14... Qd6 $5 15. Bf4 Qa3 {1/2-1/2 Hallerova,E-Savkov,F/CZE 2001/EXT
2003 (70) needs more tests}) 15. dxe6 fxe6 16. Nf4 Qd6 (16... Qe7 17. Qg4 Rad8
18. Rfd1 (18. Bb1 Bc8 19. a4 {/\Ba2+/-, I.Belov}) 18... Rd6 19. e5 Bxe5 20.
Bxg6 Bxf4 21. Bf7+ Kh8 22. Bxf4 Rxd1+ 23. Rxd1 e5 24. Rd7 Qf6 25. Bg5 Qg7 26.
Qh4 Bc8 27. Rc7 Qxf7 28. Bf6+ Kg8 29. Qg5+ Qg6 30. Rg7+ {1-0 Wells,
P-Groszpeter,A/Austria 2000/CBM 81 ext (30)}) 17. Qg4 Rae8 (17... Bc8 18. Rfd1
(18. e5 $5 Qxe5 19. Bxg6 hxg6 20. Nxg6 Qf6 21. Nxf8 Qxf8 22. Rc7 $18 {I.Belov})
18... e5 19. Rxc8 Raxc8 20. Ba6 Qc6 21. Ne6 Nc4 22. Bc5 bxc5 23. Bxc4 Kh8 24.
Nxf8 Rxf8 25. g3 Qb6 26. Qe2 a5 27. Kg2 Qb4 28. Qd3 Qb2 29. Rd2 Qd4 30. Qc2 {
1-0 Gustafsson,J-Khamrakulov,I/Ano Liosia 2000/CBM 79 ext (30)}) (17... Rxf4
18. Bxf4 Qxd3 19. Qxe6+ Kh8 20. Be5 $18 {E.Geller}) 18. Bb5 Re7 19. Rfd1 Qe5
20. Bd7 Qxe4 21. Bxe6+ Kh8 22. Rd4 $1 Rxf4 23. Rd8+ $1 Rf8 24. Rxf8+ Bxf8 25.
Bd4+ Rg7 26. Qxe4 Bxe4 27. Rc8 {1-0 Klauser,M-Spycher,B/Zuerich 1989/EXT 97 
(27)}) 14... Qd6 (14... Qd7 15. Bh6 (15. d5 e6 16. dxe6 Qxe6 17. Nf4 Qe5 {
1/2-1/2 Maric,A-Hill,S/Oakham 1990/CBM 16 ext (17)}) (15. Rc3 Rac8 16. Rfc1
Rxc3 17. Rxc3 Rc8 $11 {0-1 Trindade,W-Meng,N/Serra Negra 2002/CBM 88 ext (28)})
(15. Qb4 Rfc8 16. Bb5 Qd8 17. d5 Be5 18. Bf4 Bxf4 19. Nxf4 Qd6 $11 {1/2-1/2
Kargoll,B-Blum,N/Untergrombach 1989/EXT 2003 (42)}) (15. Rfd1 Rfc8 16. Qb4 e6
17. f3 Bf8 18. Qb2 Qa4 $36 {0-1 Martinez,D-Kovchan,A/ESP 1995/EXT 97 (56)})
15... Rac8 16. Bxg7 Kxg7 17. d5 e6 18. Nd4 exd5 19. e5 Qe7 20. Rce1 Nc6 21. Qf4
Nxd4 22. Qxd4 Kg8 $13 {0-1 Lobron,E-Malisauskas,V/Manila 1992/TD (37)}) (14...
Nc6 $5 15. Bb5 Rc8 16. d5 Ne5 17. f3 Qd6 18. Nd4 a6 19. Be2 b5 20. Nb3 Nc4 21.
Bxc4 bxc4 22. Na5 c3 {1/2-1/2 Laine-Constantinou,A/Siegen 1970/EXT 2002 (32)})
(14... Rc8 15. d5 e6 (15... Qd7 16. Nd4 (16. Qb4 Rxc1 17. Rxc1 Rc8 18. Rxc8+
Bxc8 19. Nd4 e6 (19... Bb7 20. a3 Bf8 21. Qc3 Qc8 22. Qxc8 Bxc8 23. Nb5 Ba6 24.
Kf1 Nb7 25. Ke2 $14 {1-0 Lytchak,A-Von Rahden,A/Pinneberg 1996/EXT 97 (58)})
20. Bb5 Qd8 21. dxe6 fxe6 22. h3 Be5 23. f4 Bd6 24. Qc3 Qc7 25. Qxc7 Bxc7 26.
Bd2 a6 27. Bd3 b5 $11 {1/2-1/2 Knaak,R-Szitkey,M/Berlin East 1987/EXT 99 (58)})
16... Rxc1 17. Rxc1 Rc8 18. Bb5 Rxc1+ 19. Qxc1 Qd6 20. Bf1 Qd7 21. Nb5 Ba6 22.
a4 h5 23. Bf4 $14 {1-0 Lukacs,P-Dembo,Y/Budapest 2002/CBM 87 ext (55)}) 16.
dxe6 fxe6 17. Rfd1 Qe7 18. Bg5 Qf7 19. f3 Rxc1 20. Rxc1 Rc8 21. Rxc8+ Bxc8 $11
{0-1 Schuster,B-Bednarska,M/Germany 1997/EXT 2000 (40)}) (14... e6 {leads to
the 13...e6 line.}) 15. Bh6 Bxh6 {A fresh approach in this kind of positions.
Black lures the white queen to h6 and then starts counterplay in the centre 
(cf. Kobalija-Eljanov in CBM89). This is an even better version as the white
rook is misplaced on c1.} (15... Rac8 16. Bxg7 Kxg7 17. f4 Rxc1 18. Rxc1 Rc8
19. f5 Rxc1+ 20. Qxc1 gxf5 21. exf5 Qh6 22. Nf4 $36 {1-0 Ernst,H-Kobler,M/
Pizol 1998/CBM 64 ext (43)}) 16. Qxh6 Nc6 17. d5 (17. Rfd1 $5 {deserved
attention although White can hardly win after} Nxd4 18. Nxd4 Qxd4 19. Ba6 Qxd1+
20. Rxd1 Bxa6) 17... Ne5 18. Qd2 (18. Rfd1 Rac8 $132) 18... Rac8 (18... e6 $5)
19. Nd4 a6 (19... e6 $142 $1 {as} 20. Nb5 Qd7 {is not dangerous for Black.})
20. Be2 Nd7 21. Qe3 Nc5 22. Bg4 {Leads to complications in which Black holds
his ground.} Rcd8 23. Rfe1 f5 24. exf5 Qxd5 25. Nf3 gxf5 (25... Rd6 $5) 26.
Qg5+ Kh8 27. Rxe7 Qg8 28. Bh5 (28. Qh5 {was the last attempt but Black is OK
after} Be4 $1 (28... Rd7 $143 29. Rxd7 Nxd7 30. Bxf5 Nf6 31. Qh3 Bxf3 32. Qxf3
Qxa2 $14) 29. Ng5 fxg4 30. Nxe4 Nxe4 31. Rxe4 Rde8 $1 $11) 28... Bxf3 29. Qxg8+
Kxg8 30. Bxf3 Rf7 31. Re2 Kf8 32. g3 Re7 33. Rec2 Re5 34. Kf1 Ke7 35. Rb1
1/2-1/2

[Event "FRA-chT poule basse"]
[Site "France"]
[Date "2003.05.07"]
[Round "8.4"]
[White "Pinter, Jozsef"]
[Black "Karr, Jean Philippe"]
[Result "1/2-1/2"]
[WhiteElo "2562"]
[BlackElo "2376"]
[Annotator "Krasenkow,M"]
[PlyCount "84"]
[EventDate "2003.05.07"]
[EventType "team"]
[EventRounds "4"]
[EventCountry "FRA"]
[SourceTitle "CBM 095"]
[Source "ChessBase"]
[SourceDate "2003.07.25"]
[SourceVersion "1"]
[SourceVersionDate "2003.07.25"]
[SourceQuality "1"]
[WhiteTeam "Bischwiller"]
[BlackTeam "Noyon"]
[WhiteTeamCountry "FRA"]
[BlackTeamCountry "FRA"]

1. d4 Nf6 2. c4 g6 3. Nc3 d5 4. cxd5 Nxd5 5. e4 Nxc3 6. bxc3 Bg7 7. Bc4 c5 8.
Ne2 Nc6 9. Be3 O-O 10. O-O Bg4 11. f3 Na5 12. Bxf7+ Rxf7 13. fxg4 Rxf1+ 14.
Kxf1 cxd4 15. cxd4 e5 16. Kg1 {We examined this line several times, e.g. in
CBM 77,83,87} Rc8 17. Rb1 {GM Jozsef Pinter's move. Its apparent idea is to
remove the rook from the long diagonal in case of dxe5 Bxe5.} ({For} 17. d5 {
here are two recent examples:} Nc4 18. Bf2 Bh6 (18... Nd6 19. Qd3 Qa5 20. Be3
Rc4 21. Ng3 Rc3 22. Qe2 Nc4 23. Bf2 Bh6 24. g5 $5 Bxg5 25. Qg4 $14 {1/2-1/2
Garlik,M-Smistik,M/Ostrava 2002/CBM 88 ext (41)}) 19. Qd3 Qd7 20. h3 b5 21. Ng3
a5 22. Nf1 b4 {1/2-1/2 Campos Moreno,J-Jerez Perez,A/Barcelona 2002/CBM 90 ext
(22)}) 17... Qd7 (17... Nc4 {(which looks more logical) was played in Pinter's
earlier game:} 18. Bf2 Qd7 19. h3 b6 20. Rc1 b5 21. dxe5 Qxd1+ 22. Rxd1 Nxe5
23. Nd4 Rd8 24. Rb1 a6 25. Ne6 Rd2 $44 {1/2-1/2 Pinter,J-Gustafsson,J/Jenbach
AUT 2003/The Week in Chess 429 (60). (60)}) 18. h3 (18. dxe5 $5 Qxd1+ (18...
Qxg4 19. Qd5+ Kh8 20. Ng3) 19. Rxd1 Bxe5 20. Bxa7 Rc2 $44) 18... b6 19. dxe5
Qxd1+ 20. Rxd1 Bxe5 {[%mdl 4096] White's extra pawn should not be
underestimated (see e.g. Maksimenko-Sulypa in CBM77) but still is very
difficult to convert into a victory.} 21. Bh6 $6 {This attack doesn't bring
White any dividends.} (21. g5 $5 Rc2 22. Kf2) 21... Rc2 22. Rd8+ Kf7 23. Nf4
Nc6 24. Rf8+ (24. Rd7+ Ke8 $1 (24... Kg8 $6 25. Nd5 Rxa2 26. g5) 25. Rxh7 Rxa2
26. Nxg6 $140 $4 Bg3) 24... Ke7 25. Nd5+ Ke6 26. a3 Rc4 27. Bg5 $6 {White
should have thought about defense:} (27. Nf4+ Ke7 (27... Bxf4 28. Rxf4 $15) 28.
Nd3 $15) 27... Rxe4 28. Nf6 Ra4 29. Nxh7 Rxa3 30. Rf1 b5 (30... a5 $5) 31. Nf8+
Kd5 32. Nxg6 {White is a pawn up once again but Black's pawns are more
advanced and supported by his king, which gives him a big advantage.} Bd4+ 33.
Kh2 b4 34. Nf4+ Kc4 35. Ne2 Be5+ 36. Bf4 b3 37. Rc1+ Kd3 $2 {Promoting a pawn
at any cost doesn't always pay off.} (37... Kb5 $142 38. Bxe5 (38. Rb1 a5)
38... Nxe5 39. Nd4+ Kb4 {and Black should win.}) 38. Rxc6 b2 39. Bxe5 b1=Q 40.
Nf4+ Kd2 41. Rd6+ Ke1 42. Re6 Kd2 1/2-1/2

[Event "USA-ch"]
[Site "Seattle"]
[Date "2002.01.13"]
[Round "9"]
[White "Kaidanov, Gregory S"]
[Black "Kudrin, Sergey"]
[Result "1/2-1/2"]
[WhiteElo "2596"]
[BlackElo "2524"]
[Annotator "Krasenkow,M"]
[PlyCount "62"]
[EventDate "2002.01.05"]
[EventType "swiss"]
[EventRounds "9"]
[EventCountry "USA"]
[SourceTitle "CBM 087"]
[Source "ChessBase"]
[SourceDate "2002.03.21"]
[SourceVersion "1"]
[SourceVersionDate "2002.03.21"]
[SourceQuality "1"]

1. d4 Nf6 2. c4 g6 3. Nc3 d5 4. cxd5 Nxd5 5. e4 Nxc3 6. bxc3 Bg7 7. Bc4 c5 8.
Ne2 O-O 9. O-O Nc6 10. Be3 Bg4 11. f3 Na5 12. Bxf7+ Rxf7 13. fxg4 Rxf1+ 14.
Kxf1 cxd4 15. cxd4 e5 16. Kg1 Rc8 17. d5 Nc4 18. Bxa7 {A new and quite risky
attempt as the bishop can be trapped here. Rescuing it, White eventually ends
up in a drawish endgame.} (18. Bf2 {was examined in CBM83, in annotations to
the game Jussupow-Sutovsky/Essen 2001.}) 18... b6 19. d6 Kh8 (19... Qd7 {
doesn't work in view of} 20. Bxb6 $1 Nxb6 21. Qb3+ Nc4 22. Rc1 Qa7+ 23. Kh1 Qf7
24. d7 {recapturing the piece, with a material advantage for White.}) (19...
Qxd6 20. Qxd6 Nxd6 21. Bxb6 Nxe4 22. a4 $16 {[%csl Ga4]}) 20. Qd3 (20. Qd5 Qd7
21. Rc1 (21. Bb8 $5 Ne3 {gives Black good counterplay.}) 21... Qxa7 22. Kh1 (
22. Qb5 Qf7 23. d7 Rf8 24. Qxc4 Qxd7) 22... Rc5 23. Qe6 Nxd6 24. Qxd6 Qxa2 $11)
20... Bh6 (20... Bf8 21. Bb8 (21. d7 Rc7 22. Bb8 Qxd7) 21... Bxd6 {was
probably a simpler way to equality.}) 21. d7 Rc7 22. Rd1 Bd2 ({of course, not} 
22... Nb2 $4 23. Qd6 $1 Be3+ 24. Kh1 Nxd1 25. Qxe5+ Kg8 26. Qe8+ Kg7 27. Qxd8
Nf2+ 28. Kg1 $18) 23. Kh1 Qxd7 24. Qxd7 Rxd7 $11 25. Bb8 Rd8 26. Bc7 Rd7 27.
Bb8 Kg8 {A harmless attempt to play for a win.} 28. Ng1 Rd8 (28... Ne3 29. Rb1
Nxg4 30. Nf3 Nf2+ 31. Kg1 Nxe4 32. Bxe5 Be3+ 33. Kf1 $11) 29. Bc7 Rd7 30. Bb8
Rd8 31. Bc7 Rd7 1/2-1/2

[Event "Kharkov Rector Cup 4th"]
[Site "Kharkov"]
[Date "2002.03.26"]
[Round "5"]
[White "Kobalia, Mihail"]
[Black "Eljanov, Pavel"]
[Result "1-0"]
[WhiteElo "2620"]
[BlackElo "2540"]
[Annotator "Krasenkow,M"]
[PlyCount "75"]
[EventDate "2002.03.22"]
[EventType "tourn"]
[EventRounds "10"]
[EventCountry "UKR"]
[EventCategory "13"]
[SourceTitle "CBM 089"]
[Source "ChessBase"]
[SourceDate "2002.08.12"]
[SourceVersion "1"]
[SourceVersionDate "2002.08.12"]
[SourceQuality "1"]

1. d4 Nf6 2. c4 g6 3. Nc3 d5 4. cxd5 Nxd5 5. e4 Nxc3 6. bxc3 Bg7 7. Bc4 c5 8.
Ne2 O-O 9. O-O Nc6 10. Be3 cxd4 11. cxd4 Na5 12. Bd3 b6 13. Qd2 Bb7 14. Bh6
Bxh6 (14... e6 {is the main theoretical line.}) (14... Qd7 {is also played.})
15. Qxh6 Nc6 {[%mdl 32] A provocative approach. Instead of standing up to
White's central pawns, Black prompts them to move forward before the rooks
support them.} 16. d5 Ne5 17. Rad1 Qd6 18. Bb1 $6 {This retreat looks too
passive.} (18. f4 $2 {didn't work in view of} Ng4 {[%cal Rd6c5,Rg4e3]}) ({but} 
18. Nd4 $5 {deserved attention, e.g.} e6 (18... Nxd3 19. Rxd3 Qe5 20. Rfd1 $14)
19. f4 Ng4 20. Qh3 $14) 18... Ba6 19. Rfe1 Rac8 20. Qh4 Kh8 (20... Bxe2 $5 21.
Rxe2 Rc3 22. f4 Nc4 $132) 21. Kh1 (21. Nd4 $5) 21... Qf6 $2 {A wrong
assessment of the situation. In the endgame White's protected passed pawn will
be an important factor.} (21... Bxe2 22. Rxe2 Nd7 $5 $13 23. f4 $140 e5 $1) 22.
Qxf6+ exf6 23. f4 Ng4 24. Rd2 Ne3 25. Nd4 Rfe8 26. Nf3 Rc3 {Now this
counterplay can't compensate permanent drawbacks of Black's position. The
passed pawn brings White the victory.} 27. h3 Kg7 28. Kg1 Rec8 29. d6 $1 {
[%csl Gd6]} Nc4 30. Rd3 Rxd3 31. Bxd3 b5 32. e5 fxe5 33. fxe5 Rc5 34. Bxc4 bxc4
35. Rd1 Rc8 36. e6 fxe6 37. d7 Rd8 38. Nd4 1-0

[Event "EU-ch 12th"]
[Site "Aix les Bains"]
[Date "2011.03.27"]
[Round "6"]
[White "Georgiev, Kiril"]
[Black "Bukavshin, Ivan"]
[Result "1-0"]
[WhiteElo "2666"]
[BlackElo "2501"]
[Annotator "Marchand,A/Primel,D"]
[PlyCount "97"]
[EventDate "2011.03.22"]
[EventType "swiss"]
[EventRounds "11"]
[EventCountry "FRA"]
[SourceTitle "CBM 142 Extra"]
[Source "ChessBase"]
[SourceDate "2011.06.27"]
[SourceVersion "1"]
[SourceVersionDate "2011.06.27"]
[SourceQuality "1"]
[TimeControl "40/5400+30:1800+30"]

1. d4 Nf6 2. c4 g6 3. Nc3 d5 4. cxd5 Nxd5 5. e4 Nxc3 6. bxc3 Bg7 7. Bc4 O-O 8.
Ne2 c5 9. O-O Nc6 10. Be3 Na5 (10... Qc7 {[%cal Gc7c4] La grande ligne}) (10...
Bg4 11. f3 Na5 12. Bxf7+ {La variante de Séville}) 11. Bd3 b6 12. Rc1 (12. Qd2)
12... cxd4 13. cxd4 e6 {[%csl Gd5]} 14. Qd2 (14. Qa4 $5 Bd7 15. Qa3 Re8 16. Bd2
Nc6 17. Bc3 Bf8 18. Qb2 Qe7 19. Rb1 $14 {[%emt 0:33:11] Ivanchuk,V (2735)
-Ehlvest,J (2605)/World Cup Reykjavik (3)/1/2-1/2}) 14... Bb7 15. h4 $5 {
La spécialité du GMI KNAAK} (15. Bh6 {Plus naturel}) (15. f3) 15... Qd7 (15...
Qxh4 $2 16. Bg5 Qg4 17. f3 Qh5 {[%csl Rh5]}) (15... Qe7 {Moins souvent joué}
16. h5 Rfc8 17. e5 Rxc1 (17... Nc6) 18. Rxc1 Rc8 19. Rxc8+ {Carlsen,M (2690)
-Ivanchuk,V (2750) Morelia/Linares 24th 2007 (11) 1-0}) 16. h5 $36 (16. Bh6)
16... Rfc8 {Donnant une case de fuite pour le K ou le B} 17. Rfd1 (17. h6 Bf8
18. Bg5 $14) (17. e5 Rxc1 18. Rxc1 Rc8) 17... Rxc1 {Les échanges sont
normalement dans l'intérêt des Noirs} 18. Rxc1 Rc8 19. Rxc8+ $146 ({RR} 19.
hxg6 hxg6 20. f3 Rxc1+ 21. Qxc1 {[%emt 0:33:21] 1/2-1/2 Perdomo,L (2229)
-Semerene,D/Bento Goncalves 2000/EXT}) 19... Qxc8 20. Bh6 {Moins fort sans les
R} Bxh6 $1 21. Qxh6 Ba6 $132 22. Qd2 (22. hxg6 hxg6 23. Qd2) 22... Bxd3 23.
Qxd3 Kg7 (23... Qc4 $5 {[%csl Ga7,Gb6]}) 24. Qd2 (24. d5 $143 Qc4 {[%csl Rg1]})
24... f6 $6 {Un sérieux affaiblissement de l'aile-roi} 25. e5 $1 Nc6 (25...
fxe5 26. dxe5 Nc6 27. h6+ {[%csl Rg7][%cal Gd2g5]} Kf7 28. Nc3 {[%cal Gd2f4,
Gc3e4]} (28. Qg5 Qd8) 28... Qd8 29. Qf4+ Kg8 30. Qe4 $14 (30. Ne4 {[%cal Ge4f6,
Ge4g5]} Qd1+ 31. Kh2 Qh5+ 32. Kg1 Qd1+)) 26. exf6+ (26. h6+ $6 Kf7) 26... Kxf6
27. Qh6 {[%csl Rf6,Rh7] Le K noir est trés exposé} Qd7 28. Qf8+ Qf7 29. Qd6 $40
{[%csl Rc6]} Qe8 30. Nf4 {Les pièces Blanches sont nettement plus actives et
le bulgare a des bonnes chances de gain} Kf7 31. Qc7+ Ne7 32. hxg6+ hxg6 33.
Nd3 $1 {[%cal Gd3e5]} Qa4 34. Ne5+ Kf6 35. Qd8 {[%csl Re7][%cal Gd8d4,Gd8f8]
Menace de gagner le N} Qd1+ 36. Kh2 Qh5+ 37. Kg1 {Les Blance répètent la
position 2 fois pour gagner du temps avec l'incrément} Qd1+ 38. Kh2 Qh5+ 39.
Kg3 $1 {Evite la répétition de coups} Qg5+ 40. Kf3 Qf5+ 41. Ke3 Qg5+ 42. Ke2 {
Le K a obtenu une position relativement а l'abri des échecs de la Q adverse}
Kg7 (42... Qh5+ $2 43. f3) 43. Qc7 Qh4 44. g4 $1 Kh6 45. g5+ $1 {[%cal Ge5f7]}
Kh5 (45... Kxg5 46. Qxe7+) (45... Qxg5 46. Nf7+) 46. Qxe7 Qe4+ 47. Kd2 Qf4+ 48.
Kd3 Qf5+ 49. Ke3 1-0